MARC details
| 000 -CABECERA |
| campo de control de longitud fija |
02476nam a2200301 a 4500 |
| 003 - IDENTIFICADOR DEL NÚMERO DE CONTROL |
| campo de control |
OSt |
| 005 - FECHA Y HORA DE LA ÚLTIMA TRANSACCIÓN |
| campo de control |
20251111112323.0 |
| 007 - CAMPO FIJO DE DESCRIPCIÓN FÍSICA--INFORMACIÓN GENERAL |
| campo de control de longitud fija |
cr ||||||a|c|a |
| 008 - DATOS DE LONGITUD FIJA--INFORMACIÓN GENERAL |
| campo de control de longitud fija |
230519s2019 mx a|||fom||| 001 0 spa d |
| 040 ## - FUENTE DE LA CATALOGACIÓN |
| Normas de descripción |
rda |
| 100 1# - ENTRADA PRINCIPAL--NOMBRE DE PERSONA |
| 9 (RLIN) |
187095 |
| Nombre de persona |
Zermeño Campos, Luis Fernando |
| 245 10 - MENCIÓN DE TÍTULO |
| Título |
Escarificación de semilla de jitomate silvestre / |
| Mención de responsabilidad, etc. |
por Luis fernando Zermeño Campos y Felipe de Santos Vázquez; director de tesis Jaime Sahagún Castellanos. |
| 264 #1 - PRODUCCIÓN, PUBLICACIÓN, DISTRIBUCIÓN, FABRICACIÓN Y COPYRIGHT |
| Producción, publicación, distribución, fabricación y copyright |
Chapingo, México : |
| Nombre del de productor, editor, distribuidor, fabricante |
El autor, |
| Fecha de producción, publicación, distribución, fabricación o copyright |
2019. |
| 300 ## - DESCRIPCIÓN FÍSICA |
| Extensión |
1 recurso en línea (49 páginas): |
| Otras características físicas |
cuadros. |
| 336 ## - TIPO DE CONTENIDO |
| Fuente |
rdacontent |
| Término de tipo de contenido |
texto |
| Código de tipo de contenido |
txt |
| 337 ## - TIPO DE MEDIO |
| Fuente |
rdamedia |
| Nombre/término del tipo de medio |
computadora |
| Código del tipo de medio |
c |
| 338 ## - TIPO DE SOPORTE |
| Fuente |
rdacarrier |
| Nombre/término del tipo de soporte |
recurso en línea |
| Código del tipo de soporte |
cr |
| 502 ## - NOTA DE TESIS |
| Tipo de título |
Ingeniero Agrónomo Especialista en Fitotecnia |
| Nombre de la institución que otorga el título |
Departamento de Enseñanza, Investigación y Servicio en Fitotecnia, |
| Año de obtención del título |
2019. |
| 504 ## - NOTA DE BIBLIOGRAFÍA, ETC. |
| Nota de bibliografía, etc. |
Incluye referencias bibliográficas: páginas 31-37. |
| 520 ## - SUMARIO, ETC. |
| Sumario, etc. |
El jitomate silvestre es un preciado recurso fitogenético que requiere su conservación; sin embargo, sus semillas pueden presentar mecanismos que dificultan una germinación idónea. La presente investigación tuvo como objetivo evaluar el efecto de tratamientos de escarificación sobre el vigor de semilla durante la germinación y el crecimiento inicial de plántula. Los tratamientos de escarificación se diseñaron al variar concentraciones y tiempos de exposición de ácido sulfúrico (H2SO4), fosfato de sodio dibásico (Na2HPO4), bicarbonato de sodio (NaHCO3) y cloro (Cl), aplicados a semilla previamente fermentada en su jugo durante tres días. En ambas pruebas se empleó un diseño experimental de bloques completos al azar con cuatro repeticiones. En la prueba de germinación estándar, el cloro 10 % por 10 min + NaHCO3 1.5 % por 24 h junto con H2SO4 al 0.5 % por 60 min, generaron mayores ventajas en índice de velocidad de germinación (ɑ ≤ 0.05) con respecto a la fermentación. En la prueba de emergencia, no se detectaron diferencias estadísticas en el vigor de semilla por efecto de los tratamientos de escarificación. En contraste, en ambas pruebas se observaron fuertes diferencias (ɑ ≤ 0.05) por efecto de las accesiones evaluadas. |
| 650 #4 - PUNTO DE ACCESO ADICIONAL DE MATERIA--TÉRMINO DE MATERIA |
| 9 (RLIN) |
113765 |
| Término de materia o nombre geográfico como elemento de entrada |
Tomate |
| Subdivisión general |
Semilla |
| 650 #4 - PUNTO DE ACCESO ADICIONAL DE MATERIA--TÉRMINO DE MATERIA |
| 9 (RLIN) |
103903 |
| Término de materia o nombre geográfico como elemento de entrada |
Semillas |
| Subdivisión general |
Germinación |
| 650 #4 - PUNTO DE ACCESO ADICIONAL DE MATERIA--TÉRMINO DE MATERIA |
| 9 (RLIN) |
103933 |
| Término de materia o nombre geográfico como elemento de entrada |
Semillas |
| Subdivisión general |
Viabilidad |
| 700 1# - PUNTO DE ACCESO ADICIONAL--NOMBRE DE PERSONA |
| 9 (RLIN) |
187096 |
| Nombre de persona |
Santos Vázquez, Felipe de |
| 700 1# - PUNTO DE ACCESO ADICIONAL--NOMBRE DE PERSONA |
| 9 (RLIN) |
101191 |
| Nombre de persona |
Sahagún Castellanos, Jaime |
| Término indicativo de función/relación |
director. |
| 856 ## - LOCALIZACIÓN Y ACCESO ELECTRÓNICOS |
| Identificador Uniforme del Recurso |
http://10.13.5.2/tesis/tl/Zermeno_Campos_Luis_Fernando.pdf |
| Nota pública |
DESCARGAR PDF |
| 942 ## - ELEMENTOS DE PUNTO DE ACCESO ADICIONAL (KOHA) |
| Fuente del sistema de clasificación o colocación |
Clasificación Universidad Autónoma Chapingo |
| Tipo de ítem Koha |
Tesis digital |